UNIX SYSTEM (Record no. 5013)

MARC details
000 -LEADER
fixed length control field 00431nam a22001697a 4500
005 - DATE AND TIME OF LATEST TRANSACTION
control field 20180206150215.0
008 - FIXED-LENGTH DATA ELEMENTS--GENERAL INFORMATION
fixed length control field 160701b xxu||||| |||| 00| 0 eng d
020 ## - INTERNATIONAL STANDARD BOOK NUMBER
ISBN 0-07-099182-0
041 ## - LANGUAGE CODE
Language code of text/sound track or separate title eng
082 ## - DEWEY DECIMAL CLASSIFICATION NUMBER
Item number 20225
Classification number 005.432
100 ## - MAIN ENTRY--AUTHOR NAME
Personal name Thomas, Dr Rabecca and Yates, Jean
245 ## - TITLE STATEMENT
Title UNIX SYSTEM
260 ## - PUBLICATION, DISTRIBUTION, ETC. (IMPRINT)
Name of publisher Mc graw Hill
Place of publication california
Year of publication 1985
300 ## - PHYSICAL DESCRIPTION
Number of Pages 693
650 ## - SUBJECT ADDED ENTRY--TOPICAL TERM
Topical Term Information Technology
942 ## - ADDED ENTRY ELEMENTS (KOHA)
Koha item type Books
Holdings
Lost status Damaged status Collection code Home library Current library Shelving location Date acquired Full call number Accession Number Koha item type
    CS/IT JRU Library JRU Library SHELF-51-C 01/07/2016 005.432 20225 Books